000 00832nmc a2200301 a 4500
003 AR-BaBNM
005 20251128205636.0
008 048019s1989 ||||||||||||||000 | spa||
020 _a950-562-629-0
040 _cAR-BaBNM
100 1 _aGaleano, Eduardo
245 1 0 _aLas venas abiertas de América Latina
260 _aBuenos Aires
_bSiglo Veintiuno
_c1989
300 0 _a486 p.
490 0 _aHistoria inmediata
500 0 _aIndice analítico p.471-486
585 _aExpuesto en: Feria del Libro 2006
650 4 _aCONQUISTA DE AMERICA
650 4 _aLITERATURA LATINOAMERICANA
650 4 _aHISTORIA AMERICANA
650 4 _aENSAYO
650 4 _aGUERRAS DE LA INDEPENDENCIA
653 0 _aLITERATURA URUGUAYA
653 0 _aLITERATURA COMPROMETIDA
655 _aLITERATURA
942 _cBK
998 _cMariana
999 _c12201
_d12201